<?xml version="1.0" encoding="UTF-8"?>
<collection xmlns="http://www.loc.gov/MARC21/slim">
 <record>
  <leader>02871ntm a22005057i 4500</leader>
  <controlfield tag="001">000698967</controlfield>
  <controlfield tag="003">CZ-PrVSE</controlfield>
  <controlfield tag="005">20230604085439.0</controlfield>
  <controlfield tag="006">m        d</controlfield>
  <controlfield tag="007">cr n||||||||||</controlfield>
  <controlfield tag="008">230604s2023    xr     fsbm   000 0 cze d</controlfield>
  <datafield tag="STA" ind1=" " ind2=" ">
   <subfield code="a">NEZPRACOVANÝ IMPORT</subfield>
  </datafield>
  <datafield tag="040" ind1=" " ind2=" ">
   <subfield code="a">ABA006</subfield>
   <subfield code="b">cze</subfield>
   <subfield code="c">ABA006</subfield>
   <subfield code="d">ABA006</subfield>
   <subfield code="e">rda</subfield>
  </datafield>
  <datafield tag="100" ind1="1" ind2=" ">
   <subfield code="a">Tomanová, Magdalena</subfield>
   <subfield code="%">ISIS:127208</subfield>
   <subfield code="4">dis</subfield>
  </datafield>
  <datafield tag="242" ind1="1" ind2="0">
   <subfield code="a">International Comparison of the Wedding Industry - A Case Study of Na Staré Poště</subfield>
   <subfield code="y">eng</subfield>
  </datafield>
  <datafield tag="245" ind1="1" ind2="0">
   <subfield code="a">Mezinárodní komparace svatebního trhu - případová studie Na Staré poště /</subfield>
   <subfield code="c">Magdalena Tomanová</subfield>
  </datafield>
  <datafield tag="264" ind1=" " ind2="0">
   <subfield code="c">2023</subfield>
  </datafield>
  <datafield tag="300" ind1=" " ind2=" ">
   <subfield code="a">?? stran :</subfield>
   <subfield code="3">digital, PDF soubor</subfield>
  </datafield>
  <datafield tag="500" ind1=" " ind2=" ">
   <subfield code="a">Vedoucí práce: Petr Štěpánek</subfield>
  </datafield>
  <datafield tag="502" ind1=" " ind2=" ">
   <subfield code="a">Diplomová práce (Ing.)—Vysoká škola ekonomická v Praze. Fakulta mezinárodních vztahů, 2023</subfield>
  </datafield>
  <datafield tag="504" ind1=" " ind2=" ">
   <subfield code="a">Obsahuje bibliografii</subfield>
  </datafield>
  <datafield tag="516" ind1=" " ind2=" ">
   <subfield code="a">Textový (vysokoškolská kvalifikační práce)</subfield>
  </datafield>
  <datafield tag="518" ind1=" " ind2=" ">
   <subfield code="a">Rok obhajoby 2023</subfield>
  </datafield>
  <datafield tag="520" ind1="3" ind2=" ">
   <subfield code="a">Tato diplomová práce se zaměřuje na identifikaci inovací ze zahraničí v oblasti zprostředkování svatebních služeb pro podnik Na Staré poště, s cílem zlepšit jeho konkurenceschopnost a prosperitu. Práce vychází z komparace českého a amerického trhu a její obsah je strukturován do čtyř kapitol, které se věnují specifickým tématům souvisejícím s tímto odvětvím. Na základě analýzy trendů a poznatků z amerického trhu je navržena implementace těchto prvků do podnikání, konkrétně poskytnutí nadstandardních služeb a rozšíření nabídky. Výsledkem práce jsou plány do budoucna, na kterých bude intenzivně pracováno, aby byly realizovány. Tato práce představuje případovou studii a může být přínosem pro všechny, kteří se zajímají o svatební průmysl a chtějí zlepšit své podnikání v této oblasti.</subfield>
  </datafield>
  <datafield tag="538" ind1=" " ind2=" ">
   <subfield code="a">Způsob přístupu: Internet</subfield>
  </datafield>
  <datafield tag="653" ind1="0" ind2=" ">
   <subfield code="a">mezinárodní obchod [obor dipl. práce]</subfield>
  </datafield>
  <datafield tag="655" ind1=" " ind2="7">
   <subfield code="a">diplomové práce</subfield>
   <subfield code="7">fd132022</subfield>
   <subfield code="2">czenas</subfield>
  </datafield>
  <datafield tag="655" ind1=" " ind2="9">
   <subfield code="a">master's theses</subfield>
   <subfield code="2">eczenas</subfield>
  </datafield>
  <datafield tag="690" ind1=" " ind2=" ">
   <subfield code="a">inovace</subfield>
  </datafield>
  <datafield tag="690" ind1=" " ind2=" ">
   <subfield code="a">svatební služby</subfield>
  </datafield>
  <datafield tag="690" ind1=" " ind2=" ">
   <subfield code="a">podnikání</subfield>
  </datafield>
  <datafield tag="690" ind1=" " ind2=" ">
   <subfield code="a">svatební průmysl</subfield>
  </datafield>
  <datafield tag="700" ind1="1" ind2=" ">
   <subfield code="a">Štěpánek, Petr</subfield>
   <subfield code="%">ISIS:24138</subfield>
   <subfield code="4">ths</subfield>
  </datafield>
  <datafield tag="700" ind1="1" ind2=" ">
   <subfield code="a">Yusupova, Regina</subfield>
   <subfield code="%">ISIS:98024</subfield>
   <subfield code="4">opn</subfield>
  </datafield>
  <datafield tag="710" ind1="2" ind2=" ">
   <subfield code="a">Vysoká škola ekonomická v Praze.</subfield>
   <subfield code="b">Fakulta mezinárodních vztahů</subfield>
   <subfield code="7">kn20010709400</subfield>
   <subfield code="4">dgg</subfield>
  </datafield>
  <datafield tag="856" ind1="4" ind2="0">
   <subfield code="u">https://insis.vse.cz/zp/81969/podrobnosti</subfield>
   <subfield code="y">VŠKP v InSIS</subfield>
  </datafield>
  <datafield tag="856" ind1="4" ind2="0">
   <subfield code="u">https://insis.vse.cz/zp/81969</subfield>
   <subfield code="y">Hlavní práce</subfield>
  </datafield>
  <datafield tag="856" ind1="4" ind2="0">
   <subfield code="u">https://insis.vse.cz/zp/81969/posudek/vedouci</subfield>
   <subfield code="y">Hodnocení vedoucího</subfield>
  </datafield>
  <datafield tag="856" ind1="4" ind2="0">
   <subfield code="u">https://insis.vse.cz/zp/81969/posudek/oponent/78417</subfield>
   <subfield code="y">Oponentura</subfield>
  </datafield>
  <datafield tag="999" ind1="4" ind2="0">
   <subfield code="u">https://insis.vse.cz/zp/81969/podrobnosti</subfield>
   <subfield code="y">dc:identifier</subfield>
  </datafield>
  <datafield tag="993" ind1=" " ind2=" ">
   <subfield code="x">NEPOSILAT</subfield>
   <subfield code="y">VSKP</subfield>
  </datafield>
  <datafield tag="999" ind1="4" ind2="9">
   <subfield code="a">vse81969</subfield>
   <subfield code="b">230530</subfield>
  </datafield>
  <datafield tag="999" ind1="4" ind2="5">
   <subfield code="x">81969</subfield>
  </datafield>
 </record>
</collection>
